header

On reading books to children : (Record no. 265551)

MARC details
000 -LEADER
fixed length control field 01527cam a22004214a 4500
001 - CONTROL NUMBER
control field 12841011
003 - CONTROL NUMBER IDENTIFIER
control field OSt
005 - DATE AND TIME OF LATEST TRANSACTION
control field 20251215110256.0
008 - FIXED-LENGTH DATA ELEMENTS--GENERAL INFORMATION
fixed length control field 020702s2003 njua b 001 0 eng
010 ## - LIBRARY OF CONGRESS CONTROL NUMBER
LC control number 2002073889
020 ## - INTERNATIONAL STANDARD BOOK NUMBER
International Standard Book Number 0805839682
Qualifying information cloth
International Standard Book Number 0805839690
Qualifying information paper
International Standard Book Number 9780805839685
Qualifying information (cloth)
International Standard Book Number 9780805839692
Qualifying information (paper)
035 ## - SYSTEM CONTROL NUMBER
System control number 12841011
040 ## - CATALOGING SOURCE
Original cataloging agency DLC
Transcribing agency DLC
Modifying agency DLC
042 ## - AUTHENTICATION CODE
Authentication code pcc
050 00 - LIBRARY OF CONGRESS CALL NUMBER
Classification number LB1573.5
Item number .O62 2003
082 00 - DEWEY DECIMAL CLASSIFICATION NUMBER
Classification number 372.67/7
Edition number 21
245 00 - TITLE STATEMENT
Title On reading books to children :
Remainder of title parents and teachers /
Statement of responsibility, etc edited by Steven A. Stahl, Anne van Kleeck, Eurydice B. Bauer.
260 ## - PUBLICATION, DISTRIBUTION, ETC. (IMPRINT)
Place of publication, distribution, etc Mahwah, N.J. :
Name of publisher, distributor, etc L. Erlbaum Associates,
Date of publication, distribution, etc 2003.
300 ## - PHYSICAL DESCRIPTION
Extent xiii, 403 p. :
Other physical details ill. ;
Dimensions 24 cm.
336 ## - CONTENT TYPE
Content type term text
Content type code txt
Source rdacontent
337 ## - MEDIA TYPE
Media type term unmediated
Media type code n
Source rdamedia
338 ## - CARRIER TYPE
Carrier type term volume
Carrier type code nc
Source rdacarrier
504 ## - BIBLIOGRAPHY, ETC. NOTE
Bibliography, etc Includes bibliographical references and indexes.
650 #0 - SUBJECT ADDED ENTRY--TOPICAL TERM
Topical term or geographic name as entry element Oral reading.
Topical term or geographic name as entry element Storytelling.
Topical term or geographic name as entry element Children
General subdivision Books and reading.
700 1# - ADDED ENTRY--PERSONAL NAME
Personal name Stahl, Steven A.
Personal name Van Kleeck, Anne.
Personal name Bauer, Eurydice B.
Fuller form of name (Eurydice Bouchereau)
856 42 - ELECTRONIC LOCATION AND ACCESS
Materials specified Publisher description
Uniform Resource Identifier <a href="http://www.loc.gov/catdir/enhancements/fy0709/2002073889-d.html">http://www.loc.gov/catdir/enhancements/fy0709/2002073889-d.html</a>
906 ## - LOCAL DATA ELEMENT F, LDF (RLIN)
a 7
b cbc
c orignew
d 1
e ocip
f 20
g y-gencatlg
942 ## - ADDED ENTRY ELEMENTS (KOHA)
Source of classification or shelving scheme Library of Congress Classification
Koha item type Long Loan Books
Holdings
Withdrawn status Lost status Source of classification or shelving scheme Damaged status Not for loan Collection code Home library Current library Shelving location Date acquired Source of acquisition Total Checkouts Full call number Barcode Date last seen Price effective from Koha item type
    Library of Congress Classification     Non-fiction Rongo University Library Rongo University Library General Stacks 15/12/2025 Books for Africa, Donation   LB1573.5 .O62 2003 20260712 15/12/2025 15/12/2025 Long Loan Books

© 2026 Rongo University
Contact us: librarian | system librarian | Rongo university